00982 2200325 4500001002100000005001500021035002000036007000300056008004100059100002100100245010400121250001800225300003600243504002700279020002200306082001500328084002100343090002600364260003300390500002800423650001400451700003200465850001000497990002500507990002500532990002500557990002500582990002400607990002500631INLIS00000000000183820260603033301 a0010-0120000281ta260603 1 0 aWidiyanti, Tatik1 aSeri Cerita Rakyat Dunia ; :bCerita Rakyat Vietnam /cTatik Widiyanti; Editor: Sisilia Triana Dewi aEd.1, Cet. 10 aviii, 88 hlm. :bilus. ;c23 cm aBibliografi, hlm 80-81 a978-979-29-4209-5 a398.59.597 a398.59.597 TAT c a398.59.597 TAT c T5-5 aYogyakarta :bRainbow,c2014 aBiodata Penulis, hlm 82 4aKebiasaan0 aEditor: Sisilia Triana Dewi aPUPAD a31.337/APBD/DPK/2019 a31.338/APBD/DPK/2019 a31.339/APBD/DPK/2019 a31.340/APBD/DPK/2019 a31.340/APD/DPK/2019 a31.337/APBD/DPK/2019